000 00429nam a2200169 a 4500
001 0000-9275
003 ELIB.Books
008 110520 1973
035 _a(ELIB.Books)0000-9427
082 _a225
_bPer
100 _aPerrin, Norman
245 _aWhat is Redaction Criticism?
260 _bPhiladelphia: Fortress Press
_c1973
650 _aNew Testament
942 _2ddc
_cBK
998 _cbat
_e2011-05-20
999 _c9275
_d9275